| 000 | 00436nam a2200181Ia 4500 | ||
|---|---|---|---|
| 001 | 13985 | ||
| 005 | 20260306164841.0 | ||
| 008 | 260306t1998||||xx |||||||||||||| ||spa|| | ||
| 041 | _aESP | ||
| 082 |
_a005.74 _bS54 |
||
| 100 |
_aSilberschatz, Abraham _eAUT |
||
| 245 | 0 | _aFundamentos de bases de datos | |
| 260 | _c1998 | ||
| 300 |
_axviii, 641 páginas : _c24 cm. |
||
| 650 | _aGEN | ||
| 654 | _aCCC | ||
| 942 |
_cLIB _dJUS _fJUS _2ddc _n |
||
| 999 |
_c13985 _d13985 |
||